Myslieť v čo najširších súvislostiach V rozhovore s docentom Františkom Burianom predstavujeme jeho designérsky ateliér na Vysokej škole výtvarných umení v Bratislave

Bibliographic Details
Main Authors: Burian, František, 1948- (Author), Kolesár, Zdeno, 1960- (Author)
Format: Article
Language:Slovak
PhysicalDescription:Fotogr. 4
Subjects:

MARC

LEADER 00000nab a2200000 a 4500
001 vtls000513607
003 SK-MaSNL
005 20260303003841.0
008 120927c1994 xo 0 slo
015 |a SNBRB19rr/mm-uuuuu 
035 |a CL0513745 
040 |a SNKBUCL  |b slo  |c SNKBUCL  |e AACR2 
041 0 |a slo 
044 |a xo  |c SK 
080 |a 7.05.071.1  |2 1981 
100 1 |a Burian, František,  |d 1948-  |4 aut  |9 112715 
245 1 0 |a Myslieť v čo najširších súvislostiach  |b V rozhovore s docentom Františkom Burianom predstavujeme jeho designérsky ateliér na Vysokej škole výtvarných umení v Bratislave  |c František Burian, Zdeno Kolesár 
300 |a Fotogr. 4 
600 1 7 |a Burian, František,  |d 1948-  |x rozhovory  |2 snkbucl  |9 982191 
655 7 |a články z novín a časopisov  |2 snkbucl  |9 267496 
700 1 |a Kolesár, Zdeno,  |d 1960-  |4 aut  |9 111340 
773 0 |t Profil  |g Roč. 4, č. 3-4 (1994), s. 45 
850 |a Slovenská národná knižnica v Martine  |a MTA001 
852 |a SNK  |b KIS3GCP 
958 |a RK 
992 |a RBX 
999 |c 1574787  |d 1576717